|
|
|
|
| LEADER |
00000nas a22000007a 4500 |
| 005 |
20130322102815.0 |
| 007 |
cr|||| |||| |
| 008 |
130322c19989999po u|p s|||| 0|||b1por d |
| 022 |
|
|
|a 8732949
|
| 035 |
|
|
|a 7244
|
| 040 |
|
|
|a vLex
|
| 090 |
|
|
|c 3990
|d 3990
|
| 245 |
0 |
0 |
|a Revista Portuguesa de Marketing
|h [Recurso electrn̤ico]
|
| 256 |
|
|
|a Servicio en ln̕ea
|
| 260 |
|
|
|a Porto :
|b Revista Portuguesa de Marketing,
|c 1998-
|
| 300 |
|
|
|a 1 Recurso electrn̤ico
|
| 506 |
|
|
|d vLex Global
|d vLex Global (Academic Edition, excluding Law Schools)
|d vLex Global (U.S. Academic Edition, Law Schools)
|d vLex Global (U.S. Academic Edition, excluding Law Schools)
|d vLex Global (Academic Edition, Law Schools)
|
| 650 |
0 |
4 |
|a Marketing
|v Revistas
|z Portugal
|
| 650 |
0 |
4 |
|a Administracin̤ (Management)
|v Revistas
|z Portugal
|
| 650 |
0 |
4 |
|a Comercio
|e Revistas
|z Portugal
|
| 740 |
|
|
|a vLex Revistas (Servicio en ln̕ea)
|
| 856 |
|
|
|a Acceso restringido
|u http://www.vlex.com/source/7244
|
| 942 |
|
|
|c REV
|
| 999 |
|
0 |
|a Marketing
|